| 000 | 00501nam a2200181Ia 4500 | ||
|---|---|---|---|
| 005 | 20250508152529.0 | ||
| 008 | 008 250505s9999 xx 000 0 eng d | ||
| 037 | _aTextual | ||
| 040 |
_aFEDL _beng _cFEDL |
||
| 041 |
_aeng _2eng |
||
| 084 |
_a512, THO _qFEDL |
||
| 100 |
_aThompson J E _9761711 |
||
| 245 | 0 | _aAlgebra for the practical man | |
| 260 |
_aNew Jersey, USA _bD Van Nostrand Company _c1946 |
||
| 300 | _axx,300p. | ||
| 942 |
_cTEXL _h512, THO |
||
| 999 |
_c1337036 _d1337036 |
||